47Ter - Musiques de l'album L'adresse - Statistiques

Statistiques générales
  • Ce quiz a été pris 186 fois
  • Le résultat moyen est 8 sur 14
Statistiques - réponses
L'adresse % Correct
L'adresse
99%
Côte Ouest
84%
Soleil noir
70%
Harakiri
69%
Plus tard
68%
On avait dit
66%
Chaque soir
63%
30
56%
Sans toi
56%
Personne
52%
Jamais su
50%
Laissez-les partir
46%
Assieds-toi
44%
Un air qui fait
22%
Aucun quiz correspondant
Distribution des résultats
% des personnes avec chaque résultat
Percentile par nombre de réponses
Votre historique - résultats
Vous n’avez pas pris ce quiz